JAKIEGO PRZEDMIOTU ELEKTRYCZNEGO UŻYWAMY RANO? - Statystyki

Ogólne statystyki
  • Ten quiz został rozwiązany 25 razy
    17 od ostatniego zresetowania
  • Średni wynik to 5 z 9
Statystyki odpowiedzi
Odpowiedź % Poprawnych
CZAJNIKA
80%
SUSZARKI
80%
SZCZOTECZKI
60%
TELEFONU
60%
TOSTERA
60%
PROSTOWNICY
50%
EKSPRESU
30%
MASZYNKI DO GOLENIA
30%
KUCHENKI MIKROFALOWEJ
20%
Nie znaleziono quizów pasujących do podanych kryteriów
Rozkład punktacji
Procent ludzi z każdym wynikiem
Percentyl według liczby udzielonych odpowiedzi
Twoja historia wyników
Nie rozwiązałeś tego quizu od ostatniego zresetowania